000 00492nam a22001937a 4500
003 MPLRDC
005 20220104142735.0
008 210129b ||||| |||| 00| 0 eng d
020 _a957-708-968-2
082 _a848.2 OYL v.11 c.2
100 _a欧阳林
245 _a医生护士跳起来
_c
250 _a初版
260 _a
_b麦田出版股份有限公司
_c2000
300 _b
490 _a欧阳林作品集; 10
650 _a现代别集
942 _cBK
_o848.2 OYL v.11 c.2
999 _c33325
_d33315